000 01275nam a2200181Ia 4500
008 151202s9999||||xx |||||||||||||| ||und||
082 _bPNVM-74991
100 _aसत्यनारायण नीला.
245 _a"रात्र वणव्याची-कायद्याचे रक्षक आणि भक्षक,भ्रष्टाचार,राजकीय दहशतवाद. याचे वास्तववादी चित्रण."
260 _b"परचुरे प्रकाशन मंदिर,मुंबई."
260 _c74991
300 _a246
600 _aसत्यनारायण नीला.
630 _a"रात्र वणव्याची-कायद्याचे रक्षक आणि भक्षक,भ्रष्टाचार,राजकीय दहशतवाद. याचे वास्तववादी चित्रण."
700 _aसत्यनारायण नीला.
730 _a"रात्र वणव्याची-कायद्याचे रक्षक आणि भक्षक,भ्रष्टाचार,राजकीय दहशतवाद. याचे वास्तववादी चित्रण."
942 _cBOOK
999 _c1341651
_d1341648